000 00469nam a2200145 a 4500
001 000004175
005 20240315194914.0
008 090720s2006 dr 000 0 spa d
040 _aDO-SdBNP
_bspa
_cBNPHU
082 _axxxx
_bM813u
100 1 _aMontás, Juan Temístocles
_d1950-
_979676
245 1 0 _aUna agenda para la modernización democrática del país /
_cJuan Temístocles Montás.
260 _aSanto Domingo :
_bAlfa & Omega,
_c2006.
300 _a39 p. ;
_c21 cm.
999 _c3990
_d3990